000 00730nam a2200217 u 4500
005 20240228064029.0
008 111013s2007 r 000 0 eng d
020 _a9788479421298
035 _aUPN01000182189
049 _aI
050 4 _aPZ76.3
_bM8.72
100 1 _aMuñoz Puelles, Vicente,
_d1948-
_932146
245 1 3 _aLa rana Rony /
_cVicente Muñoz Puelles ; il. de Rocío Martínez.
260 _aMadrid :
_bMacmillan,
_c2007.
300 _a[24] p. :
_bprincipalmente il. col.
440 0 _aMacmillan Infantil y Juvenil.
_pLibrosaurio + 3 años
650 4 _aRANAS -
_vCUENTOS Y LEYENDAS
_912231
650 4 _aLibros y lectura para niños
_92290
700 1 _aMartínez, Rocío,
_d1966-
_eil.
_935791
905 _aInfantil
999 _c154292
_d154292